zpět

Detail výsledku týmu

Jazz Tibet Club, Olomouc

Datum a čas kvízu

32 Celkem bodů Celkový počet nahraných bodů na tomto kvízu bez doplňovacích otázek.
5. Pořadí na kvízu Konečné umístění týmu na tomto kvízu.

Zaznamenané odpovědi

# Otázka Odpověď Body Výsledky
1. Matematik a podnikatel Karel J... Tohle jsme my 1
2. Vedení jistého zhruba osmdesát... Turecko 1
3. Ve čtvrtek vstoupila do našich... Srdce na dlani 0
4. Společnost Microsoft v úterý k... Activision Blizzard 1
5. Biatlonistka Markéta Davidová... B) ve vytrvalostním závodě 0
6. V 17. a 18. století dominovala... merkantilismus 0
7. Jedním z nejznámějších předsta... ze Skotska 0
8. V roce 1873 došlo ke krachu bu... Vídeň 1
9. Současný měnový systém byl for... Jamajka 0
10. Na závěr se podíváme do eurozó... B 1